Cosas añejas / (Registro nro. 7150)

Detalles MARC
000 -LIDER
fixed length control field 00795nam a2200265 a 4500
001 - NÚMERO DE CONTROL
Identificador de número de control 000017410
003 - IDENTIFICACDOR DE NÚMERO DE CONTROL
control field 000017410
005 - DATE AND TIME OF LATEST TRANSACTION
control field 20170928132111.0
007 - CAMPOS FIJOS DE DESCRIPCIÓN FÍSICA
fixed length control field 000
008 - ELEMENTOS DE LONGITUD FIJA
fixed length control field 100324s1998 000 spa d
040 ## - FUENTE DE CATALOGACIÓN
Agencia que crea de manera original el registro BPMSU
Idioma de catalogación spa
Agencia que realiza la transcripción BPMSU
092 ## - LOCALLY ASSIGNED DEWEY DECIMAL CALL NUMBER
Número de clasificación RD863.3
Número de ítem (Cutter) P418c, 1996
100 1# - ASIENTO PRINCIPAL -- NOMBRE PERSONAL
Nombre personal Penson, César Nicolás,
Fechas asociadas con el nombre 1855-1901
245 10 - MENCIÓN DE TITULO
Título Cosas añejas /
Mención de responsabilidad César Nicolás Penson
260 ## - PUBLICACIÓN, DISTRIBUCIÓN, ETC. (PIE DE IMPRENTA)
Lugar de publicación, distribución, etc Santo Domingo :
Nombre del editor, distribuidor, etc. Susaeta Ediciones Dominicanas
Fecha de publicación, distribución, etc 1996
300 ## - DESCRIPCIÓN FÍSICA
Extensión 91 p. ;
Dimensiones 22 cm.
490 1# - MENCIÓN DE SERIES
Mención de serie Biblioteca Susaeta
650 ## - ENCABEZAMIENTO DE MATERIA--TEMÁTICO
Término temático o nombre geográfico como elemento de entrada CUENTOS DOMINICANOS
650 ## - ENCABEZAMIENTO DE MATERIA--TEMÁTICO
Término temático o nombre geográfico como elemento de entrada LITERATURA DOMINICANA
830 #0 - ASIENTO SECUNDARIO DE SERIE--TÍTULO UNIFORME
Título uniforme Biblioteca susaeta
910 ## - VALIDACIÓN
Validación Validado. Control de calidad BNPHU
942 ## - ADDED ENTRY ELEMENTS (KOHA)
Source of classification or shelving scheme Dewey Decimal Classification
Koha item type Libros
945 ## - INFORMACIÓN DE PROCESAMIENTO LOCAL
Información de procesamiento local Titulo remanejado para BNPHU
956 ## - LOCAL ELECTRONIC LOCATION AND ACCESS (OCLC)
Nombre de host VMATEO
Número de acceso 10
Información de compresión 1020150914
Inicio de sesión BPMSU
Procesador de solicitud 0069
Existencias
Withdrawn status Lost status Source of classification or shelving scheme Damaged status Not for loan Collection code Home library Current library Date acquired Total Checkouts Full call number Barcode Date last seen Price effective from Koha item type Copy number
    Dewey Decimal Classification     Colección Dominicana Biblioteca Pública Metropolitana Salomé Ureña Biblioteca Pública Metropolitana Salomé Ureña 07/15/2014   RD863.3 P418c 1996 BPMSU15040565 07/15/2014 07/15/2014 Libros  
    Dewey Decimal Classification     Colección Dominicana Biblioteca Pública Metropolitana Salomé Ureña Biblioteca Pública Metropolitana Salomé Ureña 07/15/2014   RD863.3 P418c 1996 BPMSU15040566 07/15/2014 07/15/2014 Libros ej. 2
    Dewey Decimal Classification       Biblioteca Pública Metropolitana Salomé Ureña Biblioteca Pública Metropolitana Salomé Ureña 03/09/2015   RD863.3 P418c 1996 BPMSU15040567 03/09/2015 03/09/2015 Libros ej. 3